Normal view
MARC view
- NGOS CONSPIRACY IN PAKISTAN
Entry Topical Term
001 - CONTROL NUMBER
- control field: 57478
003 - CONTROL NUMBER IDENTIFIER
- control field: NUST
005 - DATE AND TIME OF LATEST TRANSACTION
- control field: 20210628201931.0
008 - FIXED-LENGTH DATA ELEMENTS
- fixed length control field: 210628|| aca||aabn | a|a d
040 ## - CATALOGING SOURCE
- Original cataloging agency: NUST
- Transcribing agency: NUST
150 ## - HEADING--TOPICAL TERM
- Topical term or geographic name entry element: NGOS CONSPIRACY IN PAKISTAN
670 ## - SOURCE DATA FOUND
- Source citation: Work cat.: (NUST): Musa Khan Jalalzai,Jalal Zai, Musa Khan 57477, The ngos conspiracy in pakistan, 1998
